Longest-Charting Billboard #1 Hits Since 2010 - Statistics

General Stats
  • This quiz has been taken 147 times
  • The average score is 19 of 26
Answer Stats
Weeks Year Artist Song % Correct
16 2017 Luis Fonsi & Daddy Yankee feat. Justin Bieber Despacito
98%
19 2019 Lil Nas X feat. Billy Ray Cyrus Old Town Road
98%
10 2014 Pharrell Williams Happy
96%
9 2012 Carly Rae Jepsen Call Me Maybe
94%
12 2017 Ed Sheeran Shape of You
91%
14 2015 Mark Ronson feat. Bruno Mars Uptown Funk
91%
9 2010 Kesha Tik Tok
90%
10 2015 Adele Hello
87%
9 2013 Lorde Royals
87%
12 2015 Wiz Khalifa feat. Charlie Puth See You Again
87%
12 2016 The Chainsmokers feat. Halsey Closer
85%
8 2021 Olivia Rodrigo drivers license
81%
8 2014 Meghan Trainor All About That Bass
80%
12 2013 Robin Thicke feat. T.I. & Pharell Williams Blurred Lines
80%
11 2018 Drake God's Plan
80%
8 2012 Gotye feat. Kimbra Somebody That I Used to Know
78%
8 2019 Ariana Grande 7 Rings
76%
10 2016 Drake feat. Wizkid & Kyla One Dance
70%
8 2017 Post Malone feat. 21 Savage rockstar
69%
11 2020 Roddy Ricch The Box
64%
10 2021 BTS Butter
60%
9 2016 Rihanna feat. Drake Work
60%
8 2020 24kGoldn feat. iann dior Mood
54%
10 2018 Drake In My Feelings
35%
8 2018 Drake Nice For What
28%
9 2012 Maroon 5 One More Night
24%
No matching quizzes found
Score Distribution
Percent of People with Each Score
Percentile by Number Answered
Your Score History
You have not taken this quiz